[Event "Tourn. n9537"]
[Site "www.chess-mail.com"]
[Date "2017.10.26"]
[Round "1"]
[White "Cjood"]
[Black "Falcoale"]
[WhiteElo "2010"]
[BlackElo "2000"]
[Result "0-1"]
[Round "1"]
1.Ng1f3 c5
2.c4 Ng8f6
3.d3 e6
4.g3 Nb8c6
5.Bf1g2 Bf8e7
6.O-O O-O
7.a3 d5
8.cxd5 exd5
9.Qd1c2 b6
10.Bc1f4 Bc8b7
11.Nb1c3 a6
12.e3 h6
13.Ra1e1 Rf8e8
14.Nf3e5 Nc6xe5
15.Bf4xe5 Ra8c8
16.d4 cxd4
17.Be5xd4 Nf6d7
18.Qc2b3 b5
19.Nc3xd5 Rc8b8
20.Re1c1 Nd7f6
21.Nd5xf6 Be7xf6
22.Bd4xf6 Qd8xf6
23.Bg2xb7 Rb8xb7
24.Qb3d5 Rb7e7
 { time }
0-1

[Event "Tourn. n9557"]
[Site "www.chess-mail.com"]
[Date "2017.10.26"]
[Round "1"]
[White "Fantomas"]
[Black "Tartan"]
[WhiteElo "2200"]
[BlackElo "2490"]
[Result "0-1"]
[Round "1"]
1.d4 Ng8f6
2.Ng1f3 d5
3.g3 Bc8f5
4.Bf1g2 e6
5.O-O Bf8e7
6.c3 h6
7.Nb1d2 Nb8d7
8.Rf1e1 O-O
9.Nd2f1 c5
10.dxc5 Be7xc5
11.Bc1e3 Bc5d6
12.Nf3d4 Bf5g6
13.f3 Ra8c8
14.Ra1c1 Qd8a5
15.a3 Rf8d8
16.Be3f2 Nd7e5
17.Nf1e3 Ne5c4
18.Qd1b3 e5
19.Nd4c2 Bd6c5
20.Ne3xc4 dxc4
21.Qb3a2 Rd8d2
22.Nc2b4 Bc5xf2
23.Kxf2 Qa5c5
{ resign }
0-1

[Event "Tourn. n9584"]
[Site "www.chess-mail.com"]
[Date "2017.10.26"]
[Round "1"]
[White "Apdash"]
[Black "Jazzy"]
[WhiteElo "2240"]
[BlackElo "2240"]
[Result "1-0"]
[Round "1"]
1.e4 b6
2.d4 Bc8b7
3.d5 d6
4.Bc1e3 Ng8f6
5.f3 g6
6.Ng1e2 Bf8g7
7.c3 O-O
8.Ne2d4 c5
9.Nd4c2 Nb8d7
10.Bf1e2 Qd8c7
11.Nb1a3 a6
12.Ra1c1 b5
13.Na3b1 Rf8b8
14.b4 c4
15.Nc2d4 Bb7xd5
16.exd5 Nf6xd5
17.Be3f2 Nd5f4
18.O-O e5
19.Nd4c2 Nd7f6
20.Bf2e3 Nf4e6
21.f4 e4
22.Nc2d4 Rb8e8
23.f5 Ne6f8
24.fxg6 hxg6
25.Be3g5 Nf8h7
26.Bg5h4 d5
27.Nb1d2 Qc7b7
28.Qd1e1 Ra8d8
29.Be2d1 Qb7b6
30.Bh4f2 Qb6b7
31.Bf2e3 Nf6d7
32.a4 Nd7e5
33.Rc1a1 Ne5c6
34.Qe1f2 Nc6e5
35.axb5 axb5
36.Ra1a5 Ne5d3
37.Qf2h4 Bg7xd4
38.Be3xd4 Rd8a8
39.Qh4h6 Nd3e5
40.Ra5xa8 Qb7xa8
41.h4 Qa8c6
42.Rf1xf7 Kxf7
43.Qh6xh7 Ke6
44.Qh7g7 Qc6d6
45.Bd4xe5 Qd6xe5
46.Bd1g4 { resign }
1-0

[Event "Tourn. n9493"]
[Site "www.chess-mail.com"]
[Date "2017.10.26"]
[Round "1"]
[White "Ditto"]
[Black "Caspito"]
[WhiteElo "1870"]
[BlackElo "1900"]
[Result "0-1"]
[Round "1"]
1.d4 g6
2.c4 Bf8g7
3.Ng1f3 Ng8f6
4.Bc1g5 d6
5.e3 Bc8g4
6.Bf1e2 Nf6e4
7.Bg5f4 O-O
8.O-O c5
9.h3 Bg4f5
10.Nb1d2 Qd8b6
11.b3 Nb8c6
12.Ra1c1 cxd4
13.exd4 Nc6xd4
14.Be2d3 Ne4xd2
15.Qd1xd2 Nd4xf3
16.gxf3 Qb6c6
17.Qd2e2 Bf5xd3
18.Qe2xd3 b6
19.Rc1e1 Rf8e8
20.Qd3d2 Qc6xf3
21.Bf4g3 Qf3f5
22.Kh2 a6
23.Re1e2 Ra8d8
24.Qd2b4 b5
25.Re2d2 Qf5f3
26.cxb5 Rd8b8
27.b6 Bg7c3
28.Qb4f4 Qf3xf4
29.Bg3xf4 Bc3xd2
30.Bf4xd2 Rb8xb6
31.Bd2e3 Rb6b5
32.Rf1c1 d5
33.h4 f6
34.Be3d4 e5
35.Bd4e3 d4
36.Be3d2 e4
37.Bd2h6 e3
38.fxe3 dxe3
39.Rc1c7 e2
40.Rc7g7 Kh8
41.Rg7a7 e1Q
42.Bh6g7 Kg8
43.Bg7h6 Qe1f2
44.Kh3 Qf2f3
45.Kh2 Re8e2
{ resign }
0-1

[Event "Tourn. n9513"]
[Site "www.chess-mail.com"]
[Date "2017.10.26"]
[Round "1"]
[White "Begory"]
[Black "Theos666"]
[WhiteElo "1409"]
[BlackElo "1400"]
[Result "1-0"]
[Round "1"]
1.d4 d5
2.Bc1f4 Ng8f6
3.Nb1c3 g6
4.e3 Bf8g7
5.Nc3b5 O-O
6.Nb5xc7 Bc8d7
7.Nc7xa8 Nb8c6
8.Na8c7 h6
9.Nc7b5 g5
10.Bf4e5 Qd8a5
11.Nb5c3 a6
12.Qd1d2 h5
13.e4 Qa5b4
14.Ra1b1 dxe4
15.a3 Qb4b6
16.Be5xf6 Bg7xf6
17.d5 Nc6e5
18.Ng1e2 Ne5c4
19.Qd2d1 Rf8e8
20.Qd1c1 Bd7f5
21.b3 Qb6a5
22.bxc4 Bf6xc3
{ time. }
1-0

[Event "Tourn. n9544"]
[Site "www.chess-mail.com"]
[Date "2017.10.26"]
[Round "1"]
[White "Norlavuaram"]
[Black "Tonino1"]
[WhiteElo "2080"]
[BlackElo "2170"]
[Result "1-0"]
[Round "1"]
1.e4 d6
2.d4 Ng8f6
3.Bf1d3 g6
4.Ng1e2 Bf8g7
5.O-O O-O
6.h3 c6
7.f4 Qd8c7
8.c4 Rf8e8
9.Nb1c3 Nb8d7
10.e5 dxe5
11.fxe5 Nf6h5
12.Nc3e4 f5
13.Ne4g5 Nd7f8
14.g4 fxg4
15.Ne2f4 Nh5xf4
16.Bc1xf4 gxh3
17.Qd1f3 Nf8e6
18.Qf3e4 Ne6xg5
19.Bf4xg5 Bc8f5
20.Rf1xf5 gxf5
21.Qe4xf5 Ra8d8
22.Qf5xh7 Kf8
23.Ra1f1 Bg7f6
24.Bg5xf6  { time }
1-0

[Event "Tourn. n9549"]
[Site "www.chess-mail.com"]
[Date "2017.10.26"]
[Round "1"]
[White "Caspito"]
[Black "Redapond1"]
[WhiteElo "1880"]
[BlackElo "1650"]
[Result "1-0"]
[Round "1"]
1.e4 d5
2.e5 Bc8f5
3.d4 Nb8c6
4.Bf1b5 Bf5d7
5.Nb1c3 Nc6b8
6.Ng1f3 c6
7.Bb5a4 e6
8.O-O c5
9.Ba4xd7 Qd8xd7
10.Bc1e3 c4
11.b3 Bf8b4
12.Be3d2 cxb3
13.axb3 Ng8e7
14.Nc3e2 Bb4xd2
15.Qd1xd2 O-O
16.Ne2f4 Nb8c6
17.c3 b5
18.Qd2c2 a6
19.Nf3g5 g6
20.Nf4h5 h6
21.Nh5f6 { resign }
1-0

[Event "Tourn. n9568"]
[Site "www.chess-mail.com"]
[Date "2017.10.26"]
[Round "1"]
[White "Norlavuaram"]
[Black "Apdash"]
[WhiteElo "2150"]
[BlackElo "2160"]
[Result "0-1"]
[Round "1"]
1.e4 Nb8c6
2.c3 e5
3.Qd1e2 Bf8c5
4.Ng1f3 Ng8f6
5.g3 O-O
6.Bf1g2 Rf8e8
7.O-O d5
8.d3 Bc8g4
9.h3 Bg4h5
10.Rf1d1 Qd8e7
11.Nb1d2 Ra8d8
12.Nd2f1 dxe4
13.dxe4 Rd8xd1
14.Qe2xd1 Nf6xe4
15.g4 Ne4xf2
16.b4 Nf2xd1
{ resign }
0-1

[Event "Match"]
[Site "www.echecsemail.com"]
[Date "2017.10.26"]
[Round "1"]
[White "Cjood"]
[Black "Azocarwagner"]
[WhiteElo "1910"]
[BlackElo "1840"]
[Result "0-1"]
[Round "1"]
1.c4 e5
2.e3 Ng8f6
3.g3 d5
4.cxd5 Qd8xd5
5.Ng1f3 b6
6.Nb1c3 Qd5c6
7.Rh1g1 Bf8d6
8.Bf1g2 e4
9.Nf3d4 Qc6b7
10.Qd1c2 c5
11.Nc3xe4 Nf6xe4
12.Bg2xe4 Qb7d7
13.Be4xa8 Bd6e5
14.Nd4b3 Qd7h3
15.Qc2e4 Nb8d7
16.Rg1h1 O-O
17.Ba8d5 Bc8a6
18.f4 Nd7f6
19.Qe4xe5 Qh3g4
20.Nb3d4 cxd4
21.d3 dxe3
22.Bc1xe3 Ba6xd3
23.Kf2 Qg4e2
24.Kg1 Nf6g4
25.Qe5e7 Ng4xe3
26.Ra1c1 Ne3xd5
27.Qe7xe2 Bd3xe2
28.Kf2 Rf8e8
29.Rh1e1 Nd5b4
30.Re1xe2 Kf8
31.Re2xe8 Kxe8
32.Rc1c8 Kd7
33.Rc8g8 g6
34.Rg8g7 Ke6
35.Rg7xh7 Nb4xa2
36.Ke3 Na2b4
37.Kd4 a5
38.b3 Nb4c2
39.Kc3 Nc2e3
40.h4 Ne3d5
41.Kc4 Nd5e3
42.Kb5 Ne3d5
43.h5 Nd5f6
44.Rh7g7 gxh5
45.Kxb6 Nf6e4
46.Kxa5 Ne4d6
47.Rg7h7 Kf5
48.Rh7xh5 Kg4
49.Rh5g5 Kf3
50.b4 f6
51.Rg5g6 Nd6c4
52.Kb5 Nc4a3
 { time }
0-1

[Event "Match"]
[Site "www.echecsemail.com"]
[Date "2017.10.26"]
[Round "1"]
[White "Calponas"]
[Black "Joaodelisboa"]
[WhiteElo "2080"]
[BlackElo "1839"]
[Result "0-1"]
[Round "1"]
1.e4 c5
2.Ng1f3 e6
3.c4 Nb8c6
4.d4 cxd4
5.Nf3xd4 Bf8b4
6.Nb1c3 Bb4xc3
7.bxc3 Ng8f6
8.Bf1d3 h6
9.Bc1a3 d6
10.Nd4b5 O-O
11.Nb5xd6 Qd8a5
12.Ba3b2 Rf8d8
13.Nd6xc8 Ra8xc8
14.Qd1c2 Nc6e5
15.Bd3e2 Ne5xc4
16.O-O Rd8d2
{ resign }
0-1

[Event "Match"]
[Site "www.echecsemail.com"]
[Date "2017.10.26"]
[Round "1"]
[White "Theo64"]
[Black "Ditto"]
[WhiteElo "1729"]
[BlackElo "1920"]
[Result "0-1"]
[Round "1"]
1.e4 e5
2.Ng1f3 Nb8c6
3.Bf1c4 Ng8f6
4.d4 d6
5.dxe5 dxe5
6.Qd1xd8 Nc6xd8
7.Nf3xe5 Bc8e6
8.Bc4xe6 Nd8xe6
9.Nb1c3 Bf8b4
10.f3 O-O
11.Bc1g5 Nf6e8
12.Bg5h4 Ne6f4
13.Bh4g3 Nf4e6
14.Ne5d7 c6
15.Nd7xf8 Kxf8
16.O-O-O Bb4e7
17.Rd1d3 Ne8c7
18.Rh1d1 Nc7e8
19.Rd3d7 b5
20.Rd7b7 { time. }
0-1

[Event "Match"]
[Site "www.echecsemail.com"]
[Date "2017.10.26"]
[Round "1"]
[White "Fangshuo"]
[Black "Juodivarnai"]
[WhiteElo "2050"]
[BlackElo "2060"]
[Result "1/2-1/2"]
[Round "1"]
1.e4 c5
2.Ng1f3 d6
3.Bf1c4 e6
4.Nb1c3 Ng8f6
5.e5 dxe5
6.Nf3xe5 Bf8d6
7.f4 O-O
8.O-O Nb8d7
9.Ne5xd7 Bc8xd7
10.d3 Bd7c6
11.f5 exf5
12.Rf1xf5 Qd8c7
13.Qd1f1 Bd6xh2
14.Kh1 Qc7g3
15.Bc1f4 Qg3g4
16.Bf4xh2 Bc6xg2
17.Qf1xg2 Qg4xf5
18.Ra1g1 g6
19.Qg2xb7 Nf6g4
20.Nc3d5 Qf5f3
21.Rg1g2 Ng4f2
22.Kg1 Nf2h3
23.Kh1 Qf3f1
24.Bh2g1 Nh3xg1
25.Nd5e3 Qf1e1
26.Rg2xg1 Qe1xe3
27.Rg1f1 h5
28.Rf1xf7 Qe3h3
29.Kg1 Qh3g4
30.Kf2 Rf8xf7
31.Bc4xf7 Kf8
32.Qb7xa8 Kxf7
33.Qa8xa7 Kf6
34.Qa7xc5 Qg4f4
35.Ke2 Qf4g4
36.Kd2 h4
37.Qc5d6 Kg7
38.Qd6e7 Kh6
39.Qe7f8 Kh7
40.b4 h3
41.Qf8f7 Kh6
42.Qf7f8 Kh7
43.Qf8f7 { draw }
1/2-1/2

[Event "Match"]
[Site "www.echecsemail.com"]
[Date "2017.10.26"]
[Round "1"]
[White "Claymil"]
[Black "Blackygrey"]
[WhiteElo "2080"]
[BlackElo "1499"]
[Result "1-0"]
[Round "1"]
1.c4 e5
2.Nb1c3 Nb8c6
3.g3 Ng8f6
4.Bf1g2 g6
5.e3 Bf8g7
6.Ng1e2 O-O
7.a3 a5
8.b3 d6
9.Bc1b2 Bc8e6
10.d4 exd4
11.exd4 Be6g4
12.h3 Bg4d7
13.O-O Qd8c8
14.Kh2 h5
15.Ne2f4 Rf8e8
16.Qd1d2 Ra8b8
17.Nc3d5 Nf6e4
18.Qd2d3 Bd7f5
19.Qd3d1 Nc6e7
20.Nd5e3 Ne4g5
21.Ne3xf5 Qc8xf5
22.h4 Ng5e6
23.Bg2h3 Qf5f6
24.Nf4e2 Ne7f5
25.Bh3xf5 Qf6xf5
26.Qd1d2 Qf5f3
27.Ne2g1 Qf3xb3
28.Ra1c1 b6
29.Rc1c3 Qb3a4
30.Ng1f3 c5
31.Rc3c1 b5
32.dxc5 Bg7xb2
33.Qd2xb2 bxc4
34.Qb2c3 Rb8b3
35.Qc3f6 Qa4xa3
36.Nf3d2 Rb3d3
37.Nd2xc4 Qa3xc5
38.Nc4b2 Qc5d4
39.Qf6xd4 Rd3xd4
40.Rc1a1 Re8b8
41.Nb2d1 Rb8b5
42.Nd1c3 Rb5c5
43.Nc3a4 Rc5c4
44.Na4b6 Rc4b4
45.Nb6d7  { time }
1-0

[Event "Match"]
[Site "www.echecsemail.com"]
[Date "2017.10.26"]
[Round "1"]
[White "Bjonil60"]
[Black "Apdash"]
[WhiteElo "1510"]
[BlackElo "2100"]
[Result "0-1"]
[Round "1"]
1.d4 d5
2.Ng1f3 Ng8f6
3.Nb1c3 e6
4.e3 Bf8b4
5.Bc1d2 Nb8d7
6.Qd1e2 c5
7.Nc3b5 Bb4xd2
8.Qe2xd2 O-O
9.O-O-O a6
10.Nb5d6 Qd8b6
11.b3 Qb6xd6
12.g3 cxd4
13.Qd2xd4 Nf6e4
14.a3 Qd6xa3
15.Kb1 Ne4xf2
16.Rh1g1 Nf2xd1
17.Bf1g2 Nd1f2
18.Nf3g5 h6
19.Ng5f3 Nf2e4
20.Nf3d2 Ne4xd2
21.Qd4xd2 Nd7c5
22.b4 Nc5a4
23.Rg1d1 Na4c3
24.Qd2xc3 Qa3xc3
25.e4 Qc3xb4
26.Kc1 Bc8d7
27.exd5 exd5
28.Rd1xd5 Qb4e1
29.Rd5d1 Qe1e3
30.Kb1 Bd7c6
31.Bg2xc6 bxc6
32.g4 Ra8b8
33.Ka1 Qe3c3
34.Ka2 Qc3b2

0-1

[Event "Match"]
[Site "www.echecsemail.com"]
[Date "2017.10.26"]
[Round "1"]
[White "Gidi5"]
[Black "Libiesse"]
[WhiteElo "1499"]
[BlackElo "1820"]
[Result "1-0"]
[Round "1"]
1.e4 c5
2.Ng1f3 e6
3.Nb1c3 a6
4.d4 cxd4
5.Nf3xd4 Nb8c6
6.Nd4xc6 bxc6
7.Bf1e2 d5
8.exd5 cxd5
9.O-O Ng8f6
10.Bc1g5 Bf8e7
11.Be2f3 Bc8b7
12.Rf1e1 O-O
13.Qd1e2 h6
14.Bg5f4 Rf8e8
15.Ra1d1 Be7b4
16.Bf4e5 Ra8c8
17.a3 Bb4a5
18.Rd1d3 Ba5c7
19.Be5xc7 Qd8xc7
20.Qe2e5 Qc7b6
21.Qe5e3 Re8d8
22.Qe3xb6 { resign }
1-0

[Event "Match"]
[Site "www.echecsemail.com"]
[Date "2017.10.26"]
[Round "1"]
[White "Jeabac"]
[Black "Irene"]
[WhiteElo "1809"]
[BlackElo "2100"]
[Result "1-0"]
[Round "1"]
1.d4 d5
2.c4 dxc4
3.Ng1f3 Ng8f6
4.e3 Bc8e6
5.Nb1d2 b5
6.a4 c6
7.axb5 cxb5
8.b3 c3
9.Bf1xb5 Nf6d7
10.Nd2b1 Qd8c7
11.Qd1c2 Qc7b7
12.Nb1xc3 a6
13.Bb5c4 Be6g4
14.Bc4d5 Qb7b4
15.Bd5xa8 Bg4e6
16.Nf3d2 g6
17.O-O Bf8g7
18.Bc1a3 Qb4b6
19.Nd2c4 Qb6c7
20.Ba8d5 Be6f5
21.Bd5e4 Bf5xe4
22.Nc3xe4 Nd7f6
23.Nc4d6 Kd7
24.Ne4xf6 Bg7xf6
25.Qc2xc7 Kxc7
26.Nd6xf7 Rh8f8
27.Nf7e5 Bf6xe5
28.dxe5 Kd7
29.Rf1d1 Ke6
30.f4 Rf8c8
31.Ra1c1 Rc8e8
32.g4 a5
33.Rc1c5 a4
34.bxa4 Nb8a6
35.Rc5c6 Kf7
36.Rc6xa6 h6
37.Rd1d7 { resign }
1-0

[Event "Match"]
[Site "www.echecsemail.com"]
[Date "2017.10.26"]
[Round "1"]
[White "Iko"]
[Black "Cjood"]
[WhiteElo "1620"]
[BlackElo "2000"]
[Result "1-0"]
[Round "1"]
1.e4 e5
2.Ng1f3 Nb8c6
3.Bf1b5 Ng8e7
4.O-O d6
5.d3 Bc8d7
6.d4 exd4
7.Bb5xc6 Bd7xc6
8.Qd1xd4 Rh8g8
9.Rf1d1 g6
10.Nb1c3 Bf8g7
11.e5 Bc6xf3
12.gxf3 Bg7xe5
13.Qd4c4 a6
14.Nc3e4 b5
15.Qc4b4 c5
16.Qb4e1 Ne7f5
17.Bc1g5 Nf5e7
18.c3 Qd8c7
19.Bg5f6 O-O-O
20.Rd1d2 d5
21.Ne4g5 Be5xf6
22.Ng5xf7 Rd8e8
23.Rd2e2  { time }
1-0

[Event "Match"]
[Site "www.echecsemail.com"]
[Date "2017.10.26"]
[Round "1"]
[White "Hundegana"]
[Black "Apdash"]
[WhiteElo "2020"]
[BlackElo "1920"]
[Result "1-0"]
[Round "1"]
1.e4 e5
2.Bf1c4 Ng8f6
3.f3 Bf8c5
4.Ng1e2 O-O
5.c3 Nb8c6
6.a4 d5
7.exd5 Nf6xd5
8.b4 Nd5xb4
9.cxb4 Nc6xb4
10.Bc1a3 a5
11.Nb1c3 Qd8h4
12.g3 Qh4xc4
13.Ba3xb4 axb4
14.Nc3e4 b6
15.Ne4xc5 bxc5
16.Ra1c1 Qc4d5
17.Kf2 Bc8b7
18.Ne2g1 e4
19.h4 Qd5d4
20.Kg2 exf3
21.Ng1xf3 Rf8e8
22.Rh1f1 Re8e6
23.Kh2 Ra8e8
24.Nf3xd4 cxd4
25.Rc1xc7 Re6e2
26.Kh3 Bb7g2
27.Kg4 h5
28.Kxh5 Bg2h3
29.Rc7xf7 Kh7
30.Qd1c2 Kg8
31.Qc2g6 Re2e5
32.Rf7f5 Bh3xf1
33.Rf5xe5 Re8xe5
34.Kg4 Bf1e2
35.Kh3 Be2f3
36.Qg6b6 Re5e1
37.g4 Re1b1
38.Qb6xd4 Bf3d1
39.a5 b3
40.a6 b2
41.a7 Bd1f3
42.Kg3 Bf3e4
43.d3 Be4xd3
44.a8Q Kf7
45.Qd4d7 { resign }
1-0

[Event "Match"]
[Site "www.echecsemail.com"]
[Date "2017.10.26"]
[Round "1"]
[White "Gidi5"]
[Black "Guidom"]
[WhiteElo "2309"]
[BlackElo "2120"]
[Result "0-1"]
[Round "1"]
1.e4 e5
2.Ng1f3 Nb8c6
3.Bf1c4 d6
4.O-O Bf8e7
5.h3 Ng8f6
6.Nb1c3 O-O
7.d4 exd4
8.Nf3xd4 Nc6e5
9.Bc4b3 c5
10.Nd4f3 a6
11.Nf3xe5 dxe5
12.Bc1e3 b6
13.Qd1e2 Bc8b7
14.Ra1d1 Qd8c7
15.Nc3d5 Nf6xd5
16.exd5 Be7d6
17.c4 Bb7c8
18.Bb3c2 f5
19.f3 Qc7f7
20.Qe2d3 Qf7g6
21.a3 Qg6g3
22.Be3f2 Qg3g5
23.Bf2e3 Qg5h4
24.Be3f2 Qh4h5
25.Qd3b3 Ra8b8
26.a4 Bc8d7
27.Bf2g3 f4
28.Bg3e1 Rf8f6
29.Qb3c3 Rb8f8
30.Qc3d2 Rf6h6
31.b3 a5
32.Qd2f2 Bd7f5
33.Bc2xf5 Qh5xf5
34.Kh1 Rf8f6
35.Kh2 Rf6g6
36.h4 Rg6g3
37.Kg1 Rh6xh4
38.Qf2e2 Qf5h5
{ resign }
0-1

[Event "Tourn. n9547"]
[Site "www.chess-mail.com"]
[Date "2017.10.27"]
[Round "1"]
[White "Andychesston"]
[Black "Apdash"]
[WhiteElo "2030"]
[BlackElo "2100"]
[Result "0-1"]
[Round "1"]
1.e4 c5
2.Ng1f3 e6
3.d4 d5
4.Nb1c3 dxe4
5.Bf1b5 Bc8d7
6.Nf3e5 Bd7xb5
7.Nc3xb5 Qd8a5
8.Nb5c3 g6
9.Bc1d2 cxd4
10.Ne5xf7 Kxf7
11.Nc3xe4 Bf8b4
12.Qd1f3 Kg7
13.c3 dxc3
14.bxc3 Bb4e7
15.O-O Qa5f5
16.Qf3e2 Ng8f6
17.Ne4g3 Qf5d5
18.c4 Qd5c6
19.Ra1c1 Nb8d7
20.Rf1e1 e5
21.f4 Be7c5
22.Bd2e3 exf4
23.Ng3f5 gxf5
24.Be3xc5 Qc6xc5
25.Kh1 Rh8e8
26.Qe2f1 Nf6e4
27.Rc1c2 Qc5c7
28.g3 Qc7c6
29.Rc2g2 fxg3
30.Qf1xf5 Re8e5
31.Qf5g4 Kh8
32.Re1e2 Ne4f2
33.Re2xf2 Re5e1
{ resign }
0-1

[Event "Tourn. n9476"]
[Site "www.chess-mail.com"]
[Date "2017.10.27"]
[Round "1"]
[White "Stewartborst"]
[Black "Vios"]
[WhiteElo "1710"]
[BlackElo "1729"]
[Result "0-1"]
[Round "1"]
1.e4 c6
2.d4 d5
3.Nb1c3 dxe4
4.Nc3xe4 Bc8f5
5.Ne4g3 Bf5g6
6.h4 h6
7.Bc1e3 Ng8f6
8.h5 Bg6h7
9.Bf1d3 Bh7xd3
10.Qd1xd3 e6
11.O-O-O Nb8d7
12.Ng1f3 Bf8e7
13.Rh1e1 Qd8c7
14.Ng3e4 O-O
15.Ne4c3 b5
16.Nf3e5 Nd7xe5
17.dxe5 Rf8d8
18.Qd3e2 Qc7xe5
19.g4 b4
20.Be3d4 Qe5a5
21.Nc3e4 Qa5xa2
22.c3 c5
23.Ne4xc5 Be7xc5
24.Bd4xc5 b3
25.Bc5d4 Qa2a1
26.Kd2 Qa1xb2
27.Ke3 Nf6d5
28.Kf3 Qb2xe2
29.Re1xe2 Nd5xc3
{ resign }
0-1

[Event "Tourn. n9482"]
[Site "www.chess-mail.com"]
[Date "2017.10.27"]
[Round "1"]
[White "Jazzy"]
[Black "Blackygrey"]
[WhiteElo "2230"]
[BlackElo "2369"]
[Result "1-0"]
[Round "1"]
1.c4 Ng8f6
2.Nb1c3 g6
3.d4 d5
4.cxd5 Nf6xd5
5.Ng1f3 Bf8g7
6.e4 Nd5xc3
7.bxc3 c5
8.Bf1b5 Bc8d7
9.Bb5xd7 Nb8xd7
10.O-O b5
11.Bc1f4 O-O
12.Qd1b3 Qd8b6
13.Ra1b1 b4
14.dxc5 Nd7xc5
15.Qb3xb4 Qb6xb4
16.cxb4 Nc5xe4
17.Rf1e1 Ne4c3
18.Rb1b3 Rf8c8
19.h3 Nc3d5
20.Bf4e3 Bg7c3
21.Be3d2 Bc3xd2
22.Nf3xd2 Rc8c2
23.Nd2f3 Rc2xa2
24.b5 Ra8b8
25.Nf3d4  { time }
1-0

[Event "Tourn. n9445"]
[Site "www.chess-mail.com"]
[Date "2017.10.27"]
[Round "1"]
[White "Szustan"]
[Black "Ejner"]
[WhiteElo "2550"]
[BlackElo "2330"]
[Result "1-0"]
[Round "1"]
1.e4 c5
2.c3 d5
3.exd5 Qd8xd5
4.d4 e6
5.Ng1f3 Ng8f6
6.Bf1d3 Bf8e7
7.O-O O-O
8.c4 Qd5h5
9.Bd3e2 cxd4
10.Nf3xd4 Qh5e5
11.Nb1c3 Rf8d8
12.Bc1e3 Nb8d7
13.Qd1d2 Nd7f8
14.Ra1d1 Nf8g6
15.Qd2c1 Bc8d7
16.f4 Qe5a5
17.a3 Qa5c7
18.b4 a6
19.c5 Ra8c8
20.g3 Be7f8
21.Nd4b3 Ng6e7
22.Be3d4 Ne7c6
23.Bd4xf6 gxf6
24.Nc3e4 Bf8g7
25.Ne4d6 Rc8b8
26.Be2h5 Rd8f8
27.Rf1f2 Nc6e7
28.Nb3d4 b6
29.f5 Ne7xf5
30.Nd6xf5 exf5
31.c6 Rb8c8
32.Rf2c2 Bd7e6
33.Nd4xe6 fxe6
34.Rd1d7 Qc7b8
35.c7 { resign }
1-0

[Event "Tourn. n9505"]
[Site "www.chess-mail.com"]
[Date "2017.10.27"]
[Round "1"]
[White "Libiesse"]
[Black "Welberth"]
[WhiteElo "1780"]
[BlackElo "1900"]
[Result "1-0"]
[Round "1"]
1.d4 Ng8f6
2.c4 d6
3.Nb1c3 g6
4.e4 Bf8g7
5.f4 O-O
6.Ng1f3 Bc8g4
7.Qd1b3 Nb8d7
8.h3 Bg4xf3
9.gxf3 e5
10.fxe5 dxe5
11.d5 Nd7c5
12.Qb3c2 a5
13.Bc1e3 Nf6d7
14.Bf1d3 Qd8h4
15.Kd2 f5
16.exf5 Nc5xd3
17.Qc2xd3 Rf8xf5
18.Nc3e4 Ra8f8
19.Ra1g1 Rf5xf3
20.Rg1g4 Qh4e7
21.d6 cxd6
22.Qd3d5 Kh8
23.Qd5xd6 Qe7xd6
24.Ne4xd6 b6
25.Nd6b5 Nd7c5
26.Nb5c3 Rf3f1
27.Rg4g1 Rf8d8
28.Ke2 Rf1xg1
29.Rh1xg1 e4
30.Rg1g4 Rd8e8
31.Be3xc5 bxc5
32.Rg4xe4 Re8xe4
33.Nc3xe4 Bg7xb2
34.Ne4xc5 Kg7
35.Ke3 Kf6
36.Nc5a4 Ke5
37.Na4xb2 { resign }
1-0

[Event "Tourn. n9550"]
[Site "www.chess-mail.com"]
[Date "2017.10.27"]
[Round "1"]
[White "Jjmcbride"]
[Black "Julian"]
[WhiteElo "1600"]
[BlackElo "1470"]
[Result "1-0"]
[Round "1"]
1.e4 d6
2.d4 Ng8f6
3.f3 Nb8d7
4.Ng1h3 e5
5.Bf1c4 Bf8e7
6.Nh3g5 O-O
7.Bc4xf7 Rf8xf7
8.Ng5xf7 Kxf7
9.O-O c6
{ time. }
1-0

[Event "Tourn. n9584"]
[Site "www.chess-mail.com"]
[Date "2017.10.27"]
[Round "1"]
[White "Tonino1"]
[Black "Apdash"]
[WhiteElo "2340"]
[BlackElo "2240"]
[Result "1-0"]
[Round "1"]
1.d4 Ng8f6
2.f4 c5
3.e3 cxd4
4.exd4 d5
5.Ng1f3 Nb8c6
6.c3 Bc8g4
7.Bf1d3 e6
8.O-O Bf8d6
9.h3 Bg4xf3
10.Qd1xf3 Ra8c8
11.Nb1d2 a6
12.Qf3e2 Rc8c7
13.Nd2f3 Nf6h5
14.Qe2f2 Nh5xf4
15.Bd3c2 Nf4h5
16.Bc1g5 Bd6e7
17.Bg5xe7 Qd8xe7
18.Ra1e1 O-O
19.Nf3e5 Nc6xe5
20.dxe5 g6
21.g4 Nh5g7
22.Kh2 h5
23.Rf1h1 Qe7c5
24.Qf2xc5 Rc7xc5
25.Bc2b3 b5
26.Kg3 Rf8d8
27.Re1d1 a5
28.a3 Rd8b8
29.Rd1c1 Kf8
30.Rh1d1 Ke7
31.Kf4 hxg4
32.hxg4 Rb8h8
33.Rd1h1 Rh8xh1
34.Rc1xh1 Rc5c8
35.Rh1h7 Ng7e8
36.Rh7h8 Rc8b8
37.Ke3 b4
38.axb4 axb4
39.c4 dxc4
40.Bb3xc4 Rb8a8
41.b3 Ra8a1
42.Bc4b5 Ne8c7
43.Bb5a4 Nc7d5
44.Kf2 Nd5b6
45.Rh8e8 { resign }
1-0

[Event "Tourn. n9569"]
[Site "www.chess-mail.com"]
[Date "2017.10.27"]
[Round "1"]
[White "Apdash"]
[Black "Tartan"]
[WhiteElo "2210"]
[BlackElo "2500"]
[Result "0-1"]
[Round "1"]
1.e4 c5
2.Ng1f3 Nb8c6
3.Nb1c3 g6
4.d4 cxd4
5.Nf3xd4 Bf8g7
6.Nd4xc6 bxc6
7.Bf1c4 d6
8.O-O Ng8f6
9.Ra1b1 O-O
10.Bc1g5 h6
11.Bg5e3 Nf6g4
12.Be3d2 Ng4e5
13.Bc4b3 Bc8a6
14.Rf1e1 Ne5c4
15.Kh1 Nc4xd2
16.Qd1xd2 Ra8b8
17.Nc3e2 Qd8b6
18.Ne2g3 h5
19.Qd2g5 e6
20.f4 d5
21.f5 Kh7
22.f6 Bg7h6
23.Qg5h4 Qb6f2
24.e5 Bh6d2
25.Re1d1 Rb8b4
26.Qh4h3 Bd2g5
27.c4 Ba6xc4
28.Ng3xh5 gxh5
29.Qh3xh5 Bg5h6
30.Bb3xc4 Rb4xc4
31.Rd1f1 Qf2h4
32.Qh5e2 Rf8g8
33.b3 Rc4e4
34.Qe2c2 Bh6f4
35.g3 Bf4xg3
36.Rf1f3 Rg8g6
37.Rb1g1 Bg3xh2
38.Qc2xh2 Rg6xg1
39.Kxg1 Re4e1
{ resign }
0-1

[Event "Tourn. n9496"]
[Site "www.chess-mail.com"]
[Date "2017.10.27"]
[Round "1"]
[White "Kermet"]
[Black "Numanoid"]
[WhiteElo "2420"]
[BlackElo "2420"]
[Result "1/2-1/2"]
[Round "1"]
1.c4 e5
2.g3 Ng8f6
3.Bf1g2 c6
4.d4 e4
5.Nb1c3 d5
6.cxd5 cxd5
7.Ng1h3 h6
8.O-O Nb8c6
9.f3 exf3
10.exf3 Bf8d6
11.Rf1e1 Bc8e6
12.Nh3f4 Bd6xf4
13.Bc1xf4 O-O
14.Nc3b5 Qd8b6
15.Nb5c7 Ra8c8
16.Nc7xe6 fxe6
17.Bg2h3 Qb6xd4
18.Kg2 { draw }
1/2-1/2

[Event "Match"]
[Site "www.echecsemail.com"]
[Date "2017.10.27"]
[Round "1"]
[White "Gidi5"]
[Black "Pforjan"]
[WhiteElo "1499"]
[BlackElo "2419"]
[Result "0-1"]
[Round "1"]
1.e4 b6
2.d4 Bc8b7
3.Bf1d3 e6
4.Ng1f3 Ng8f6
5.Nb1c3 Bf8b4
6.Qd1e2 d5
7.exd5 Bb4xc3
8.bxc3 Qd8xd5
9.c4 Qd5d7
10.O-O O-O
11.Bc1b2 Rf8e8
12.Nf3e5 Qd7d8
13.Ra1d1 Nb8d7
14.f4 Nd7f8
15.g4 Nf6d7
16.g5 Nd7xe5
17.dxe5 Qd8e7
18.Qe2e3 c5
19.a4 a5
20.Rd1b1 Qe7c7
21.Bb2a3 Qc7c6
22.Kf2 Re8d8
23.Rf1g1 Ra8b8
24.Rb1e1 Qc6xa4
25.h4 Rd8d7
26.Re1a1 Qa4c6
27.Ra1e1 Rb8d8
28.h5 Bb7a8
29.Rg1g3 Qc6a4
30.Re1a1 Qa4c6
31.Ra1g1 g6
32.hxg6 fxg6
33.Rg3h3 Rd7f7
34.Rg1h1 Rd8d4
35.Rh3h4 Rd4xf4
{ resign }
0-1

[Event "Match"]
[Site "www.echecsemail.com"]
[Date "2017.10.27"]
[Round "1"]
[White "Gidi5"]
[Black "Chapi"]
[WhiteElo "2559"]
[BlackElo "2190"]
[Result "0-1"]
[Round "1"]
1.e4 c5
2.Ng1f3 Nb8c6
3.d4 cxd4
4.Nf3xd4 g6
5.Bc1e3 Bf8g7
6.Bf1e2 Ng8f6
7.Nb1c3 O-O
8.O-O a6
9.a4 d6
10.Nd4xc6 bxc6
11.a5 c5
12.f3 Ra8b8
13.Nc3a4 Qd8xa5
14.Na4xc5 Qa5b6
15.b4 dxc5
16.Be3xc5 Qb6c7
17.Be2d3 Nf6d7
18.Bc5xe7 Bg7xa1
19.Be7xf8 Ba1d4
20.Kh1 Nd7xf8
{ resign }
0-1

[Event "Match"]
[Site "www.echecsemail.com"]
[Date "2017.10.27"]
[Round "1"]
[White "Bstev"]
[Black "Calponas"]
[WhiteElo "2119"]
[BlackElo "2040"]
[Result "1-0"]
[Round "1"]
1.e4 c5
2.d4 cxd4
3.c3 dxc3
4.Nb1xc3 Nb8c6
5.Ng1f3 d6
6.Bf1c4 Ng8f6
7.O-O e6
8.Qd1e2 Bf8e7
9.Rf1d1 Qd8c7
10.Nc3b5 Qc7b8
11.Bc1f4 e5
12.Bf4g5 a6
13.Bg5xf6 gxf6
14.Nb5c3 Bc8e6
15.Nc3d5 b5
16.Bc4b3 Nc6a5
17.Nf3h4 Na5xb3
18.axb3 h5
19.h3 Kd7
20.Qe2f3 f5
21.Nh4xf5 Be6xd5
22.Rd1xd5 Qb8c7
23.Nf5xd6 Be7xd6
24.Qf3xf7 Kc8
25.Qf7e6 Kb7
26.Rd5xd6 Ra8e8
27.Qe6d5 Ka7
28.Ra1xa6 { resign }
1-0

[Event "Match"]
[Site "www.echecsemail.com"]
[Date "2017.10.27"]
[Round "1"]
[White "Tonino1"]
[Black "Traub"]
[WhiteElo "2170"]
[BlackElo "1410"]
[Result "1-0"]
[Round "1"]
1.d4 d5
2.f4 Bc8f5
3.e3 Ng8f6
4.Bf1d3 Nf6e4
5.Ng1f3 Nb8c6
6.c3 e6
7.O-O Bf5g4
8.Nb1d2 f5
9.Qd1e1 Ne4xd2
10.Bc1xd2 Qd8f6
11.Nf3e5 Nc6xe5
12.fxe5 Qf6g6
13.Qe1g3 O-O-O
14.h3 Bg4h5
15.Qg3f2 c5
16.g4  { time }
1-0

[Event "Match"]
[Site "www.echecsemail.com"]
[Date "2017.10.27"]
[Round "1"]
[White "Calponas"]
[Black "Pinehill"]
[WhiteElo "2020"]
[BlackElo "2090"]
[Result "1-0"]
[Round "1"]
1.e4 d5
2.exd5 Ng8f6
3.d4 Qd8xd5
4.c4 Qd5a5
5.Nb1c3 c6
6.Ng1f3 Bc8g4
7.Bf1e2 e6
8.O-O Bf8e7
9.Bc1f4 Qa5b6
10.Nc3a4 Qb6d8
11.Qd1d3 O-O
12.Rf1d1 Nb8a6
13.a3 Na6c7
14.Na4c3 Bg4f5
15.Qd3e3 Bf5g6
16.Ra1c1 Be7d6
17.Bf4g3 Bd6xg3
18.hxg3 h6
19.Nf3e5 Bg6h7
20.Be2f3 Nc7e8
21.d5 exd5
22.cxd5 cxd5
23.Nc3xd5 Nf6xd5
24.Rd1xd5 Qd8e7
25.Rd5d7 Qe7f6
26.Bf3d5 Ne8d6
27.f4 Ra8c8
28.Rc1xc8 Rf8xc8
29.Ne5xf7 Nd6xf7
30.Rd7xf7 Rc8c1
31.Qe3xc1 Qf6d4
32.Kh2 Qd4xd5
33.Rf7c7 Bh7e4
34.Qc1c4 Qd5xc4
35.Rc7xc4 Be4c6
36.g4 Kf7
37.g3 a6
38.b4 Kf6
39.Kh3 Kg6
40.Kh4 Kh7
41.g5 { resign }
1-0